MDQL
is popping MORE tags! Check the
thread
!
Quizzes
Events
Quiz Creation
Community
Videos
Private Events
Remove Ads
Sign In
Join for FREE
Feedback
Dark Mode
Quiz Categories
Sports
Geography
Music
Movies
Television
Just For Fun
Miscellaneous
History
Literature
Language
Science
Gaming
Entertainment
Religion
Holiday
For Kids
Quiz Lab
Recent
Popular Today
Quiz Kudos Today
Editor Picks
Curator Picks
Quizzes by...
Day
Popularity
Type
Ratings
Length
Year
Community
Subscriptions
Recent Discussions
Orange Saloon
Badges
Playlists
Quests
Create
Leaderboards
Showdown
Live 5
Trivia Bingo
Activity
Puzzle Library
Sporcle Events
Private Events
Virtual Trivia
Globe League
Become a Host
Pub Owners
SporcleCon
Opinionation
Our Games
Videos
Blog
Mobile Apps
Partnerships
Remove Ads and Go Orange
Feedback
Literature
Harry Potter
A Song of Ice and Fire
The Hunger Games
Literary Character
Shakespeare
Book
Author
Novel
Poem
Young Adult
Children's Books
Play
Lord of the Rings
Literature
Harry Potter
A Song of Ice and Fire
The Hunger Games
Literary Character
Shakespeare
Book
Author
Novel
Poem
Young Adult
Children's Books
Play
Lord of the Rings
Random Quiz
Search Sporcle
×
Quiz Lab
Quiz Lab
Literature
Minefield
Click on answers out of a set of options
Click on answers out of a set of options
Multiple Choice
Best Score? Go Orange.
Percy Jackson/Heroes of Olympus Quiz Stats
How well do you know your Percy Jackson and Heroes of Olympus
By
JuiceWRLD999
3m
13 Questions
267 Plays
267 Plays
267 Plays
Comments
Comments
Give Quiz Kudos
Give Quiz Kudos
-
- Ratings
hide this ad
More Info
Minefield
Wrong answers will end the quiz
Wrong answers will end the quiz
Random Order
Randomize order of answers
Randomize order of answers
Replay
Link that replays current quiz
Next Quiz
Link to next quiz in quiz playlist
You Got
0%
They Got
Avg Score
49%
Avg Friend Score
Upgrade to see
Score Distribution
Jump to the score distribution portion of the page
Score
0/13
Timer
03:00
0
Plays Today
Question
Answer
Wrong Answers
Who is Chiron's father?
???
58.1%
???
0.4%
???
0%
???
1.1%
What is the name of the ship that Percy, Leo, Annabeth, Frank, Piper, Hazel, and Jason go on their adventure to stop Gaia in?
???
55.8%
???
0%
???
0.4%
???
0.4%
Who gives Percy and Jason amnesia?
???
54.3%
???
0%
???
0.4%
???
0.4%
What are the names of the three Half-Bloods in the first Heroes of Olympus book?
???
53.2%
???
0%
???
0%
???
2.2%
Who is Reyna's godly parent
???
52.4%
???
0%
???
0.4%
???
0%
What Titan do Percy and Annabeth meet in Tartarus?
???
52.4%
???
0.7%
???
0.7%
???
0.4%
What is the name of the place were Percy, Grover, and Annebeth find Medusa
???
51.7%
???
0.4%
???
0%
???
0.7%
Who defeats/kills Luke at the end of the last book.
???
49.1%
???
1.9%
???
0%
???
0.7%
Who gets chosen for the Golden Fleece quest instead of Percy in the second book?
???
48.3%
???
0.4%
???
0%
???
0%
How does Percy help defeat the Nemean Lion in the National Air and Space Museum?
???
48.3%
???
3%
???
3%
???
3.7%
Who is NOT an Olympian?
???
44.6%
???
0.7%
???
0%
???
13.1%
Which of the wind gods do the Half-Bloods NOT meet in the Heroes of Olympus?
???
39%
???
9%
???
1.5%
???
7.1%
What type of car does Sally Jackson drive Percy to Camp Half-Blood in?
???
35.2%
???
22.5%
???
4.1%
???
0.7%
Quiz Playlist
Details
Report
Send in Message
Add To Playlist
More Info:
Try to get all the questions right cause if you don't then.... well it's called a minefield for a reason.
Multiple Choice:
Click on answers out of a set of options
Minefield:
Wrong answers will end the quiz
Random Order:
Randomize order of answers
Last Updated: May 19, 2020
Quiz Scoreboard
CHALLENGE
Sign Up to Join the Scoreboard
Show All
Scores
Hide
Comments
May contain spoilers
Recently Published
Two Season TV Shows II
by 123Four
Television
10m
Image Sorting: Flags VI
by Barbecue
Geography
2m
Find the 'City' Movie
by crazypaving
Movies
60s
More to Explore
Quiz From the Vault
Featured Blog Post
14 Easter Pick-up Lines to Find Eggs With
hide this ad
You Might Also Like...
Tags
Minefield Quiz
Today's Top Quizzes in Literature
Browse Literature
hide this ad
Today's Top Quizzes in Minefield
Browse Minefield
Top Contributed Quizzes in Literature
1
Sneaky Slytherin Logic Puzzle
2
Harry Potter logic puzzle: The Hogwarts Soap Opera
3
Get The Picture: Black or White Literature
4
'Middle' Earth
5
Harry Potter Slytherin Logic Puzzle
6
ASOIAF Siblings Logic Puzzle
7
Logic Puzzle: Avoid Dumbledore's Army
8
The Men of ASOIAF - Logic Puzzle (Hard)
9
A Song of Ice and Fire Logic Puzzle
10
Quick Pick: Easter in Book Titles
Explore More
Trending Topics
Harry Potter
Disney
Crossword
NBA
Kpop
Marvel
Anime
WWE
Puzzle
Soccer
Country
Song
Pokémon
The Office
NFL
hide this ad
More By:
JuiceWRLD999
Quiz
Plays
Rating
Category
Featured
Created
Percy Jackson/Heroes of Olympus Quiz
267
5.00
Literature
May 19, 2020
Movie Quote Match
30
4.33
Movies
Feb 15, 2021
Go to Creator's Profile
Score Distribution
Quiz Creator Spotlight
JuiceWRLD999
Follow
Send a Message
Quizzes Created
-
Created Quiz Play Count
-
More By This Creator
Popular Quizzes Today
1
Colored Red Africa Blitz
2
Find the US States - No Outlines Minefield
3
Find the 'City' Movie
4
5x2 Blitz: Bands
5
The Countries of the World
6
Find the US States
7
Find the Countries of Europe - No Outlines Minefield
8
US States
More Literature Quizzes
The Mortal Instruments (City of Bones) A-Z
Quiz Lab
Trending Quizzes
Colored Red Europe Blitz I
Colored Red Africa Blitz II
Colored Red Europe Blitz II
Colored Red Africa Blitz III
Colored Red Europe Blitz III
Recently Updated
How Do You Spell That?
pecheneg
Godzilla Movies
pecheneg
Grab Bag: 4-10 Letters
pecheneg
2024 March Madness Bracket
pecheneg
Famous TV Couples
Peacemaker
Champions League XIs: Real Madrid
pecheneg
Largest US Cities 1790-2010
pecheneg
Rides in Walt Disney World
pecheneg
Most Oscar Losses (Acting)
pecheneg
Beyoncé Albums
pecheneg
Trending Topics
Anime
Harry Potter
Marvel
Kpop
Disney
NBA
Crossword
Soccer
The Office
WWE
Country
Song
Pokémon
NFL
Puzzle
Your Account Isn't Verified!
In order to create a playlist on Sporcle, you need to verify the email address you used during registration. Go to your
Sporcle Settings
to finish the process.
Report this User
Report this user for behavior that violates our
Community Guidelines
.
Details:
Send Report
Go to the Sporcle.com Mobile Site →
Comments